000 00875nam a2200277 i 4500
003 EG-GICUC
005 20260413140842.0
008 260413s19591960||| |||fr|||| 00| 0 fre d
040 _aEG-GiCUC
_bfre
_cEG-GiCUC
_dEG-GiCUC
_eRda
082 0 4 _221
_a343.93
_bJU
092 0 4 _221
099 _aLaw1 10 343.93 JU 1959
245 0 0 _aJustice Dans Le Monde.
_nTome I.
264 _a[Lieu De Publication Non Précisé]
_b[Éditeur Non Spécifié],
_c1959.
300 _a144 page ;
_c 24 cm.
336 _2rda contenu
_a texte
337 _2rda medias
_aOrdinateur
338 _2 transporteur rda
_a Ressource en ligne
504 _aBibliography: pages 125 - 144
650 1 _aPolitique Criminelle
_2qrmak
650 1 _aDroit De Pénal
_2qrmak
651 1 _2qrmak
856 4 0 _uhttps://fll.law.cu.edu.eg/fulltext/bks/B10-08628.pdf
905 _a54
942 _2ddc
_cBK
_e21
_n0
999 _c70519
_d70519